000 00532nam a2200181Ia 4500
999 _c20963
_d20963
003 OSt
005 20200723125936.0
008 190216s9999||||xx |||||||||||||| ||und||
020 _a8186365826
040 _coclc
082 _a954.83
_bGUR/C
100 _a Gurukkal, Rajan
_93713
245 0 _aCultural History Of Kerala /
_cRajan Gurukkal ; Raghava Varier
260 _bGovernment of Kerala,
_aTrivandrum:
_c1999.
300 _a304p
650 _aHistory
942 _cBK
_2ddc
_h954.83
_iGUR/C
_k954.83
_mGUR/C